| 000 | 00463nam a2200181Ia 4500 | ||
|---|---|---|---|
| 008 | 180921t2003 xxu||||| |||| 00| 0 sin d | ||
| 041 | _asin | ||
| 080 |
_a635.073 _bSUB |
||
| 100 | _aSubasinghe, S. | ||
| 245 | _aඅල බෝග වගාව | ||
| 246 | _aAla boga vagaava | ||
| 260 |
_bS.Godage _aColombo _c2003 |
||
| 300 | _a53p., ill., 22 cm | ||
| 650 |
_aAgriculture _aRoot |
||
| 942 | _cBK | ||
| 999 |
_c14170 _d14170 |
||
| 003 | LK-CoDNM | ||
| 040 |
_aLK-CoDNM _dLK-CoDNM _eLK-CoDNM |
||